000
00262nam a22001097a 4500
008
170125b xxu||||| |||| 00| 0 eng d
020
_a
9780911910872
041
_a
eng
080
_a
61
245
_a
MERCK MANUAL OF MEDICAL INFORMATION
_c
BERKOW, R
942
_2
udc
_c
BK
999
_c
3689
_d
3689